[Event "45th FIDE Chess Olympiad Open"]
[Site "Budapest, Hungary"]
[Date "2024.09.21"]
[Round "10"]
[White "Uruci, Endrit"]
[Black "Zilleruelo Irizarry, Diego"]
[Result "1/2-1/2"]
[Board "167"]
[WhiteFideId "22100199"]
[BlackFideId "3101460"]
[WhiteTitle "FM"]
[BlackTitle "CM"]
[WhiteElo "2348"]
[BlackElo "2041"]
[WhiteTeam "Kosovo"]
[BlackTeam "Puerto Rico"]
[WhiteClock "0:46:00"]
[BlackClock "0:01:31"]
[Variant "Standard"]

1. e4 {[%clk 1:30:55]}  c6 {[%clk 1:30:58]} 2. d4 {[%clk 1:31:09]}  d5 {[%clk 1:31:25]} 3. Nc3 {[%clk 1:31:18]}  dxe4 {[%clk 1:31:39]} 4. Nxe4 {[%clk 1:31:40]}  Nf6 {[%clk 1:31:41]} 5. Nxf6+ {[%clk 1:32:04]}  exf6 {[%clk 1:32:08]} 6. c3 {[%clk 1:32:19]}  Bd6 {[%clk 1:32:14]} 7. Bd3 {[%clk 1:32:43]}  O-O {[%clk 1:32:17]} 8. Qc2 {[%clk 1:33:08]}  Re8+ {[%clk 1:32:22]} 9. Ne2 {[%clk 1:33:31]}  h5 {[%clk 1:32:31]} 10. O-O {[%clk 1:32:58]}  h4 {[%clk 1:32:22]} 11. h3 {[%clk 1:32:59]}  Nd7 {[%clk 1:31:19]} 12. Bf4 {[%clk 1:32:04]}  Nf8 {[%clk 1:30:48]} 13. Bxd6 {[%clk 1:32:02]}  Qxd6 {[%clk 1:31:14]} 14. Rfe1 {[%clk 1:31:28]}  Re7 {[%clk 1:25:26]} 15. Qd2 {[%clk 1:29:18]}  Bd7 {[%clk 1:10:40]} 16. Qf4 {[%clk 1:27:38]}  Qxf4 {[%clk 1:10:56]} 17. Nxf4 {[%clk 1:28:01]}  Rae8 {[%clk 1:10:17]} 18. Kf1 {[%clk 1:28:23]}  Rxe1+ {[%clk 1:06:22]} 19. Rxe1 {[%clk 1:28:46]}  Rxe1+ {[%clk 1:06:32]} 20. Kxe1 {[%clk 1:29:10]}  Ne6 {[%clk 1:06:35]} 21. Nh5 {[%clk 1:28:01]}  Kf8 {[%clk 1:04:18]} 22. Kd2 {[%clk 1:26:35]}  Ke7 {[%clk 0:59:43]} 23. Ke3 {[%clk 1:24:58]}  g6 {[%clk 0:58:16]} 24. Nf4 {[%clk 1:25:22]}  Nxf4 {[%clk 0:58:36]} 25. Kxf4 {[%clk 1:25:46]}  g5+ {[%clk 0:58:52]} 26. Ke3 {[%clk 1:25:55]}  f5 {[%clk 0:59:08]} 27. f4 {[%clk 1:21:05]}  f6 {[%clk 0:59:14]} 28. c4 {[%clk 1:14:27]}  Be6 {[%clk 0:56:09]} 29. b3 {[%clk 1:12:35]}  Kd6 {[%clk 0:53:29]} 30. c5+ {[%clk 1:11:09]}  Ke7 {[%clk 0:53:21]} 31. Bc4 {[%clk 1:11:32]}  Bc8 {[%clk 0:42:32]} 32. d5 {[%clk 1:10:28]}  cxd5 {[%clk 0:41:56]} 33. Bxd5 {[%clk 1:10:51]}  Kd7 {[%clk 0:30:33]} 34. b4 {[%clk 1:08:15]}  b6 {[%clk 0:28:51]} 35. g3 {[%clk 1:01:44]}  bxc5 {[%clk 0:26:48]} 36. bxc5 {[%clk 1:02:02]}  Ba6 {[%clk 0:24:42]} 37. gxh4 {[%clk 0:56:25]}  gxh4 {[%clk 0:23:02]} 38. Bg2 {[%clk 0:56:49]}  Bb5 {[%clk 0:20:31]} 39. Kd4 {[%clk 0:57:04]}  a5 {[%clk 0:20:24]} 40. a3 {[%clk 0:56:24]}  Kc7 {[%clk 0:20:38]} 41. Ke3 {[%clk 0:54:49]}  Kd7 {[%clk 0:20:46]} 42. Kf2 {[%clk 0:52:48]}  Bd3 {[%clk 0:17:56]} 43. Bf3 {[%clk 0:52:16]}  Be4 {[%clk 0:10:32]} 44. Ke3 {[%clk 0:44:12]}  Bxf3 {[%clk 0:05:53]} 45. Kxf3 {[%clk 0:44:35]}  Kc6 {[%clk 0:06:20]} 46. Ke3 {[%clk 0:44:58]}  Kxc5 {[%clk 0:06:30]} 47. Kd3 {[%clk 0:45:11]}  a4 {[%clk 0:00:39]} 48. Kc3 {[%clk 0:45:36]}  Kd5 {[%clk 0:01:07]} 49. Kd3 {[%clk 0:46:00]}  Kc5 {[%clk 0:01:31]} 1/2-1/2

[Event "45th FIDE Chess Olympiad Open"]
[Site "Budapest, Hungary"]
[Date "2024.09.21"]
[Round "10"]
[White "Mejias Nunez, Rafael E."]
[Black "Asllani, Muhamet"]
[Result "0-1"]
[Board "168"]
[WhiteFideId "3105873"]
[BlackFideId "22100300"]
[WhiteTitle "CM"]
[WhiteElo "2026"]
[BlackElo "2191"]
[WhiteTeam "Puerto Rico"]
[BlackTeam "Kosovo"]
[WhiteClock "0:01:36"]
[BlackClock "0:43:49"]
[Variant "Standard"]

1. e4 {[%clk 1:30:52]}  e5 {[%clk 1:30:44]} 2. Nf3 {[%clk 1:31:13]}  Nc6 {[%clk 1:31:08]} 3. Bc4 {[%clk 1:31:35]}  Nf6 {[%clk 1:31:32]} 4. Ng5 {[%clk 1:31:22]}  d5 {[%clk 1:31:47]} 5. exd5 {[%clk 1:31:42]}  Na5 {[%clk 1:32:11]} 6. Bb5+ {[%clk 1:32:03]}  c6 {[%clk 1:32:34]} 7. dxc6 {[%clk 1:32:08]}  bxc6 {[%clk 1:33:02]} 8. Bd3 {[%clk 1:32:25]}  h6 {[%clk 1:31:35]} 9. Ne4 {[%clk 1:29:09]}  Nd5 {[%clk 1:26:15]} 10. O-O {[%clk 1:27:57]}  g6 {[%clk 1:25:54]} 11. Ng3 {[%clk 1:25:39]}  Bg7 {[%clk 1:23:27]} 12. Re1 {[%clk 1:24:32]}  O-O {[%clk 1:23:48]} 13. Bf1 {[%clk 1:23:50]}  Nb7 {[%clk 1:18:01]} 14. d3 {[%clk 1:18:40]}  Nc5 {[%clk 1:18:15]} 15. Nc3 {[%clk 1:17:38]}  Rb8 {[%clk 1:18:24]} 16. Bd2 {[%clk 1:15:11]}  Qh4 {[%clk 1:14:47]} 17. Rb1 {[%clk 1:05:12]}  Ne6 {[%clk 1:13:19]} 18. Re4 {[%clk 1:00:11]}  Qd8 {[%clk 1:12:46]} 19. Qc1 {[%clk 0:52:20]}  Kh7 {[%clk 1:08:22]} 20. Re1 {[%clk 0:48:29]}  Nd4 {[%clk 1:06:52]} 21. Nce2 {[%clk 0:46:45]}  f5 {[%clk 1:02:05]} 22. Nxd4 {[%clk 0:41:33]}  exd4 {[%clk 1:02:27]} 23. Be2 {[%clk 0:41:49]}  Be6 {[%clk 1:01:37]} 24. Bf3 {[%clk 0:41:19]}  Re8 {[%clk 1:02:05]} 25. a3 {[%clk 0:39:54]}  Qd7 {[%clk 1:01:56]} 26. Nf1 {[%clk 0:35:09]}  Bf7 {[%clk 1:01:45]} 27. Rxe8 {[%clk 0:34:03]}  Rxe8 {[%clk 1:02:05]} 28. b4 {[%clk 0:34:08]}  Nc3 {[%clk 1:02:27]} 29. Bxc3 {[%clk 0:33:21]}  dxc3 {[%clk 1:02:51]} 30. a4 {[%clk 0:32:53]}  Bd5 {[%clk 1:02:26]} 31. Qd1 {[%clk 0:32:05]}  a6 {[%clk 1:01:52]} 32. Ne3 {[%clk 0:31:29]}  Ba2 {[%clk 1:01:53]} 33. Ra1 {[%clk 0:31:24]}  Bf7 {[%clk 1:02:18]} 34. Rb1 {[%clk 0:18:32]}  Bd4 {[%clk 0:55:15]} 35. Nc4 {[%clk 0:17:49]}  Bd5 {[%clk 0:52:38]} 36. a5 {[%clk 0:15:38]}  Qe7 {[%clk 0:51:18]} 37. g3 {[%clk 0:14:29]}  Bxf3 {[%clk 0:49:29]} 38. Qxf3 {[%clk 0:14:57]}  Qe2 {[%clk 0:49:53]} 39. Qxe2 {[%clk 0:13:52]}  Rxe2 {[%clk 0:50:19]} 40. Ne3 {[%clk 0:14:14]}  Bxe3 {[%clk 0:50:41]} 41. fxe3 {[%clk 0:14:11]}  Rxc2 {[%clk 0:51:09]} 42. Rb3 {[%clk 0:13:54]}  Kg7 {[%clk 0:51:11]} 43. Kf1 {[%clk 0:13:12]}  Kf6 {[%clk 0:51:31]} 44. d4 {[%clk 0:13:24]}  Ke6 {[%clk 0:51:46]} 45. Ke1 {[%clk 0:04:46]}  Kd5 {[%clk 0:51:38]} 46. b5 {[%clk 0:01:44]}  cxb5 {[%clk 0:50:15]} 47. Rb4 {[%clk 0:01:36]}  Rb2 {[%clk 0:43:49]} 0-1

[Event "45th FIDE Chess Olympiad Open"]
[Site "Budapest, Hungary"]
[Date "2024.09.21"]
[Round "10"]
[White "Camacho Collados, Jose"]
[Black "Wong, Jianwen"]
[Result "1/2-1/2"]
[Board "169"]
[WhiteFideId "2265427"]
[BlackFideId "5704715"]
[WhiteTitle "IM"]
[BlackTitle "FM"]
[WhiteElo "2352"]
[BlackElo "2231"]
[WhiteTeam "Wales"]
[BlackTeam "Malaysia"]
[WhiteClock "0:03:18"]
[BlackClock "0:06:05"]
[Variant "Standard"]

1. d4 {[%clk 1:30:59]}  Nf6 {[%clk 1:30:36]} 2. Nf3 {[%clk 1:31:22]}  e6 {[%clk 1:30:20]} 3. Bg5 {[%clk 1:31:43]}  h6 {[%clk 1:29:03]} 4. Bh4 {[%clk 1:32:05]}  d6 {[%clk 1:28:42]} 5. Nbd2 {[%clk 1:31:16]}  g5 {[%clk 1:28:08]} 6. Bg3 {[%clk 1:31:32]}  Nh5 {[%clk 1:28:20]} 7. e4 {[%clk 1:31:45]}  Bg7 {[%clk 1:26:08]} 8. c3 {[%clk 1:31:26]}  Nc6 {[%clk 1:22:39]} 9. Bd3 {[%clk 1:13:04]}  Qe7 {[%clk 1:21:09]} 10. O-O {[%clk 1:12:20]}  Nxg3 {[%clk 1:18:13]} 11. hxg3 {[%clk 1:10:45]}  Bd7 {[%clk 1:09:28]} 12. d5 {[%clk 1:01:56]}  Ne5 {[%clk 1:09:18]} 13. Nxe5 {[%clk 1:02:09]}  Bxe5 {[%clk 1:05:11]} 14. Nc4 {[%clk 0:58:50]}  Bg7 {[%clk 1:02:31]} 15. Re1 {[%clk 0:55:12]}  h5 {[%clk 0:55:24]} 16. Qb3 {[%clk 0:44:55]}  b6 {[%clk 0:43:52]} 17. e5 {[%clk 0:40:56]}  dxe5 {[%clk 0:41:23]} 18. Nxe5 {[%clk 0:33:15]}  Bxe5 {[%clk 0:38:33]} 19. Rxe5 {[%clk 0:33:36]}  O-O-O {[%clk 0:37:31]} 20. Qc4 {[%clk 0:17:26]}  Kb8 {[%clk 0:24:46]} 21. dxe6 {[%clk 0:08:47]}  Bxe6 {[%clk 0:22:41]} 22. Qe4 {[%clk 0:09:01]}  Qd6 {[%clk 0:21:33]} 23. Ba6 {[%clk 0:07:57]}  Bd5 {[%clk 0:20:58]} 24. Qd4 {[%clk 0:06:30]}  f6 {[%clk 0:19:59]} 25. Rf5 {[%clk 0:06:25]}  Rhf8 {[%clk 0:15:49]} 26. Rd1 {[%clk 0:05:12]}  Be6 {[%clk 0:14:07]} 27. Qxd6 {[%clk 0:05:04]}  cxd6 {[%clk 0:14:30]} 28. Rb5 {[%clk 0:04:34]}  Bc4 {[%clk 0:13:30]} 29. Rxb6+ {[%clk 0:04:49]}  axb6 {[%clk 0:13:49]} 30. Bxc4 {[%clk 0:05:18]}  Kc7 {[%clk 0:11:47]} 31. a4 {[%clk 0:05:31]}  Rd7 {[%clk 0:11:07]} 32. Re1 {[%clk 0:05:24]}  f5 {[%clk 0:05:02]} 33. Bb5 {[%clk 0:03:00]}  Rg7 {[%clk 0:05:11]} 34. Re6 {[%clk 0:02:57]}  f4 {[%clk 0:04:30]} 35. Rh6 {[%clk 0:03:09]}  fxg3 {[%clk 0:02:34]} 36. fxg3 {[%clk 0:03:38]}  h4 {[%clk 0:01:13]} 37. gxh4 {[%clk 0:03:52]}  g4 {[%clk 0:01:30]} 38. h5 {[%clk 0:02:38]}  g3 {[%clk 0:01:14]} 39. Re6 {[%clk 0:02:01]}  Rg5 {[%clk 0:01:17]} 40. Re7+ {[%clk 0:00:51]}  Kc8 {[%clk 0:00:39]} 41. Re3 {[%clk 0:20:48]}  d5 {[%clk 0:14:24]} 42. h6 {[%clk 0:19:01]}  Rh8 {[%clk 0:09:47]} 43. Re6 {[%clk 0:18:55]}  Rh5 {[%clk 0:09:51]} 44. Rg6 {[%clk 0:18:20]}  R5xh6 {[%clk 0:08:17]} 45. Rxg3 {[%clk 0:18:42]}  Rh1+ {[%clk 0:08:24]} 46. Kf2 {[%clk 0:19:11]}  Rb1 {[%clk 0:08:40]} 47. b4 {[%clk 0:18:25]}  Kc7 {[%clk 0:05:59]} 48. Ke3 {[%clk 0:15:42]}  Rh4 {[%clk 0:05:42]} 49. Rg7+ {[%clk 0:14:24]}  Kd6 {[%clk 0:05:59]} 50. Rb7 {[%clk 0:11:08]}  d4+ {[%clk 0:05:00]} 51. cxd4 {[%clk 0:08:07]}  Rb3+ {[%clk 0:05:13]} 52. Kf2 {[%clk 0:08:21]}  Rf4+ {[%clk 0:04:55]} 53. Kg1 {[%clk 0:08:40]}  Rxd4 {[%clk 0:04:00]} 54. Rxb6+ {[%clk 0:08:39]}  Ke5 {[%clk 0:04:13]} 55. Rb8 {[%clk 0:07:39]}  Rbxb4 {[%clk 0:03:41]} 56. Rf8 {[%clk 0:06:35]}  Rd2 {[%clk 0:03:45]} 57. Re8+ {[%clk 0:06:34]}  Kf4 {[%clk 0:03:35]} 58. Kh2 {[%clk 0:06:46]}  Kg5 {[%clk 0:03:24]} 59. Rg8+ {[%clk 0:06:56]}  Kf6 {[%clk 0:03:45]} 60. Kh3 {[%clk 0:06:49]}  Rb3+ {[%clk 0:03:34]} 61. g3 {[%clk 0:05:05]}  Ra3 {[%clk 0:03:45]} 62. Rc8 {[%clk 0:05:10]}  Rd4 {[%clk 0:03:48]} 63. Ra8 {[%clk 0:04:30]}  Rb4 {[%clk 0:04:03]} 64. Ra6+ {[%clk 0:04:32]}  Ke5 {[%clk 0:03:40]} 65. Ra5 {[%clk 0:04:44]}  Kf6 {[%clk 0:03:06]} 66. Ra6+ {[%clk 0:04:34]}  Kg7 {[%clk 0:03:21]} 67. Ra7+ {[%clk 0:04:18]}  Kh6 {[%clk 0:03:20]} 68. Ra8 {[%clk 0:04:07]}  Kg5 {[%clk 0:02:50]} 69. Rg8+ {[%clk 0:04:03]}  Kf6 {[%clk 0:03:11]} 70. Rf8+ {[%clk 0:01:43]}  Ke7 {[%clk 0:03:33]} 71. Rf5 {[%clk 0:01:48]}  Ke6 {[%clk 0:03:34]} 72. Rf1 {[%clk 0:01:58]}  Ke5 {[%clk 0:03:45]} 73. Rf8 {[%clk 0:01:17]}  Ke6 {[%clk 0:03:50]} 74. Rf2 {[%clk 0:01:06]}  Ke7 {[%clk 0:04:06]} 75. Rf5 {[%clk 0:00:59]}  Ra1 {[%clk 0:04:22]} 76. Rf2 {[%clk 0:01:02]}  Ra3 {[%clk 0:04:35]} 77. Rf5 {[%clk 0:01:24]}  Rbb3 {[%clk 0:04:44]} 78. Rg5 {[%clk 0:01:50]}  Kf6 {[%clk 0:05:01]} 79. Rg4 {[%clk 0:02:02]}  Rb2 {[%clk 0:04:56]} 80. Rc4 {[%clk 0:02:09]}  Rbb3 {[%clk 0:05:07]} 81. Rg4 {[%clk 0:02:25]}  Rb2 {[%clk 0:05:19]} 82. Rf4+ {[%clk 0:02:37]}  Ke5 {[%clk 0:05:25]} 83. Rf8 {[%clk 0:02:41]}  Rbb3 {[%clk 0:05:33]} 84. Rg8 {[%clk 0:03:02]}  Rb4 {[%clk 0:05:40]} 85. Re8+ {[%clk 0:02:54]}  Kf6 {[%clk 0:06:01]} 86. Rf8+ {[%clk 0:03:06]}  Kg7 {[%clk 0:06:05]} 87. Rf5 {[%clk 0:03:18]} 1/2-1/2

[Event "45th FIDE Chess Olympiad Open"]
[Site "Budapest, Hungary"]
[Date "2024.09.21"]
[Round "10"]
[White "Ang, Ern Jie Anderson"]
[Black "Kozusek, Daniel"]
[Result "0-1"]
[Board "170"]
[WhiteFideId "5736200"]
[BlackFideId "349500"]
[WhiteTitle "CM"]
[BlackTitle "FM"]
[WhiteElo "2132"]
[BlackElo "2367"]
[WhiteTeam "Malaysia"]
[BlackTeam "Wales"]
[WhiteClock "0:02:58"]
[BlackClock "0:04:00"]
[Variant "Standard"]

1. Nf3 {[%clk 1:30:46]}  d5 {[%clk 1:30:11]} 2. g3 {[%clk 1:31:07]}  b6 {[%clk 1:29:54]} 3. Bg2 {[%clk 1:30:23]}  Bb7 {[%clk 1:30:17]} 4. O-O {[%clk 1:30:39]}  e6 {[%clk 1:28:54]} 5. b3 {[%clk 1:26:08]}  Nf6 {[%clk 1:25:33]} 6. Bb2 {[%clk 1:26:26]}  Be7 {[%clk 1:23:56]} 7. d4 {[%clk 1:23:27]}  O-O {[%clk 1:22:00]} 8. Nbd2 {[%clk 1:23:36]}  a5 {[%clk 1:16:22]} 9. a3 {[%clk 1:16:38]}  a4 {[%clk 1:09:55]} 10. b4 {[%clk 1:14:04]}  c5 {[%clk 1:10:10]} 11. bxc5 {[%clk 1:01:34]}  bxc5 {[%clk 1:10:35]} 12. c4 {[%clk 1:01:47]}  Nbd7 {[%clk 1:03:29]} 13. Rb1 {[%clk 0:54:28]}  dxc4 {[%clk 0:59:44]} 14. Nxc4 {[%clk 0:49:34]}  Be4 {[%clk 0:59:36]} 15. Rc1 {[%clk 0:48:32]}  Qb8 {[%clk 0:54:12]} 16. Nfe5 {[%clk 0:42:08]}  Bxg2 {[%clk 0:44:45]} 17. Kxg2 {[%clk 0:42:27]}  Nxe5 {[%clk 0:40:50]} 18. dxe5 {[%clk 0:42:43]}  Nd5 {[%clk 0:40:52]} 19. Rb1 {[%clk 0:20:05]}  Qb5 {[%clk 0:38:58]} 20. Qc2 {[%clk 0:19:06]}  Nb6 {[%clk 0:32:58]} 21. Nd2 {[%clk 0:16:03]}  Qxe2 {[%clk 0:27:29]} 22. Rfe1 {[%clk 0:14:23]}  Qb5 {[%clk 0:21:21]} 23. Ne4 {[%clk 0:11:41]}  Rfd8 {[%clk 0:18:12]} 24. Bc1 {[%clk 0:07:35]}  Qc4 {[%clk 0:17:03]} 25. Qxc4 {[%clk 0:07:19]}  Nxc4 {[%clk 0:17:26]} 26. Rb7 {[%clk 0:07:41]}  Kf8 {[%clk 0:09:06]} 27. Bg5 {[%clk 0:07:20]}  Re8 {[%clk 0:08:38]} 28. Bxe7+ {[%clk 0:07:06]}  Rxe7 {[%clk 0:09:03]} 29. Rxe7 {[%clk 0:07:28]}  Kxe7 {[%clk 0:09:29]} 30. Nxc5 {[%clk 0:07:50]}  Ra5 {[%clk 0:09:00]} 31. Nb7 {[%clk 0:06:48]}  Ra7 {[%clk 0:07:28]} 32. Re4 {[%clk 0:06:34]}  Nxa3 {[%clk 0:04:44]} 33. Nc5 {[%clk 0:06:53]}  Nc2 {[%clk 0:04:06]} 34. Rxa4 {[%clk 0:05:52]}  Rxa4 {[%clk 0:04:26]} 35. Nxa4 {[%clk 0:06:15]}  Ne1+ {[%clk 0:04:55]} 36. Kf1 {[%clk 0:05:19]}  Nf3 {[%clk 0:05:21]} 37. Ke2 {[%clk 0:04:59]}  Nxe5 {[%clk 0:05:41]} 38. f4 {[%clk 0:04:43]}  Nd7 {[%clk 0:05:16]} 39. Nc3 {[%clk 0:04:48]}  Nf6 {[%clk 0:04:38]} 40. Nd1 {[%clk 0:03:48]}  Kd6 {[%clk 0:04:31]} 41. Nf2 {[%clk 0:28:03]}  Kd5 {[%clk 0:34:24]} 42. Kd3 {[%clk 0:24:01]}  Nd7 {[%clk 0:34:40]} 43. Ng4 {[%clk 0:23:38]}  Nc5+ {[%clk 0:34:45]} 44. Ke3 {[%clk 0:24:01]}  f6 {[%clk 0:33:53]} 45. Nf2 {[%clk 0:21:27]}  Nb7 {[%clk 0:29:54]} 46. Kd3 {[%clk 0:19:27]}  h6 {[%clk 0:28:46]} 47. Ke3 {[%clk 0:17:40]}  Nd6 {[%clk 0:28:54]} 48. Nd1 {[%clk 0:17:09]}  Kc4 {[%clk 0:28:49]} 49. Nf2 {[%clk 0:13:31]}  Kc3 {[%clk 0:27:33]} 50. Nd1+ {[%clk 0:13:11]}  Kc2 {[%clk 0:25:12]} 51. Nf2 {[%clk 0:10:34]}  Kc3 {[%clk 0:24:19]} 52. Nd1+ {[%clk 0:10:52]}  Kc4 {[%clk 0:24:42]} 53. Nb2+ {[%clk 0:09:58]}  Kd5 {[%clk 0:23:24]} 54. Nd1 {[%clk 0:10:05]}  Ne4 {[%clk 0:16:46]} 55. Kd3 {[%clk 0:09:14]}  Nc5+ {[%clk 0:17:05]} 56. Ke3 {[%clk 0:09:42]}  f5 {[%clk 0:15:07]} 57. Nc3+ {[%clk 0:07:58]}  Kc4 {[%clk 0:15:29]} 58. Ne2 {[%clk 0:08:26]}  Nb3 {[%clk 0:15:18]} 59. Ng1 {[%clk 0:06:58]}  Nd4 {[%clk 0:15:08]} 60. Nh3 {[%clk 0:07:24]}  Kc3 {[%clk 0:14:39]} 61. Nf2 {[%clk 0:06:45]}  Nc2 {[%clk 0:14:16]} 62. Ke2 {[%clk 0:07:04]}  Nb4 {[%clk 0:13:50]} 63. h3 {[%clk 0:05:02]}  Kd4 {[%clk 0:13:58]} 64. g4 {[%clk 0:05:11]}  Nd5 {[%clk 0:12:16]} 65. Kf3 {[%clk 0:05:33]}  Nc3 {[%clk 0:10:40]} 66. h4 {[%clk 0:02:58]}  Nd5 {[%clk 0:09:56]} 67. gxf5 {[%clk 0:01:34]}  exf5 {[%clk 0:10:22]} 68. Nd1 {[%clk 0:02:01]}  Kd3 {[%clk 0:07:56]} 69. Nb2+ {[%clk 0:02:02]}  Kc3 {[%clk 0:06:56]} 70. Na4+ {[%clk 0:02:18]}  Kd4 {[%clk 0:07:03]} 71. Nb2 {[%clk 0:01:21]}  Nc3 {[%clk 0:07:14]} 72. h5 {[%clk 0:01:26]}  Nd5 {[%clk 0:06:07]} 73. Nd1 {[%clk 0:01:39]}  Kd3 {[%clk 0:05:42]} 74. Nb2+ {[%clk 0:01:52]}  Kc3 {[%clk 0:05:48]} 75. Na4+ {[%clk 0:02:04]}  Kd4 {[%clk 0:05:48]} 76. Kg3 {[%clk 0:02:32]}  Nf6 {[%clk 0:04:18]} 77. Kh4 {[%clk 0:03:01]}  Nd7 {[%clk 0:04:41]} 78. Kg3 {[%clk 0:02:05]}  Kc4 {[%clk 0:04:23]} 79. Nb2+ {[%clk 0:02:21]}  Kc3 {[%clk 0:04:37]} 80. Nd1+ {[%clk 0:02:44]}  Kd2 {[%clk 0:04:14]} 81. Nb2 {[%clk 0:01:39]}  Nb6 {[%clk 0:03:09]} 82. Kf3 {[%clk 0:02:01]}  Kc2 {[%clk 0:03:26]} 83. Ke3 {[%clk 0:02:29]}  Kxb2 {[%clk 0:03:37]} 84. Kd4 {[%clk 0:02:58]}  Nd7 {[%clk 0:04:00]} 0-1

[Event "45th FIDE Chess Olympiad Open"]
[Site "Budapest, Hungary"]
[Date "2024.09.21"]
[Round "10"]
[White "Blackburn, Jonathan L B"]
[Black "Kavin Mohan"]
[Result "1/2-1/2"]
[Board "171"]
[WhiteFideId "1801090"]
[BlackFideId "5739047"]
[WhiteTitle "FM"]
[WhiteElo "2202"]
[BlackElo "1997"]
[WhiteTeam "Wales"]
[BlackTeam "Malaysia"]
[WhiteClock "0:10:50"]
[BlackClock "1:12:41"]
[Variant "Standard"]

1. d4 {[%clk 1:30:57]}  Nf6 {[%clk 1:30:26]} 2. c4 {[%clk 1:31:20]}  e6 {[%clk 1:30:47]} 3. Nf3 {[%clk 1:31:44]}  d5 {[%clk 1:30:56]} 4. cxd5 {[%clk 1:32:05]}  exd5 {[%clk 1:31:16]} 5. Nc3 {[%clk 1:32:32]}  Nbd7 {[%clk 1:29:46]} 6. Bg5 {[%clk 1:32:03]}  Be7 {[%clk 1:29:47]} 7. Qc2 {[%clk 1:29:25]}  c6 {[%clk 1:29:56]} 8. e3 {[%clk 1:29:49]}  O-O {[%clk 1:29:37]} 9. Bd3 {[%clk 1:30:03]}  Re8 {[%clk 1:28:55]} 10. O-O {[%clk 1:30:21]}  h6 {[%clk 1:29:17]} 11. Bf4 {[%clk 1:30:10]}  Bb4 {[%clk 1:26:06]} 12. a3 {[%clk 1:27:21]}  Bxc3 {[%clk 1:26:28]} 13. bxc3 {[%clk 1:16:47]}  Nb6 {[%clk 1:19:55]} 14. Ne5 {[%clk 1:14:15]}  Be6 {[%clk 1:18:15]} 15. a4 {[%clk 1:03:40]}  Nc4 {[%clk 1:09:58]} 16. Rfb1 {[%clk 0:57:14]}  Re7 {[%clk 1:08:47]} 17. Qe2 {[%clk 0:51:26]}  Qa5 {[%clk 0:59:15]} 18. Rb3 {[%clk 0:38:57]}  Nb6 {[%clk 0:51:42]} 19. c4 {[%clk 0:31:33]}  dxc4 {[%clk 0:50:56]} 20. Nxc4 {[%clk 0:31:54]}  Nxc4 {[%clk 0:46:46]} 21. Bxc4 {[%clk 0:32:18]}  b5 {[%clk 0:43:43]} 22. Bxe6 {[%clk 0:32:05]}  Rxe6 {[%clk 0:44:07]} 23. Qb2 {[%clk 0:30:49]}  bxa4 {[%clk 0:43:38]} 24. Rb4 {[%clk 0:24:29]}  Rae8 {[%clk 0:33:29]} 25. Rbxa4 {[%clk 0:23:54]}  Qb6 {[%clk 0:33:42]} 26. Rb4 {[%clk 0:22:50]}  Qd8 {[%clk 0:34:07]} 27. Rb8 {[%clk 0:21:53]}  Qd5 {[%clk 0:34:01]} 28. Rxa7 {[%clk 0:20:45]}  c5 {[%clk 0:33:13]} 29. h3 {[%clk 0:17:33]}  cxd4 {[%clk 0:31:48]} 30. Rxe8+ {[%clk 0:17:52]}  Rxe8 {[%clk 0:32:13]} 31. Qxd4 {[%clk 0:17:42]}  Qxd4 {[%clk 0:32:33]} 32. exd4 {[%clk 0:18:09]}  Re1+ {[%clk 0:32:11]} 33. Kh2 {[%clk 0:18:35]}  Nd5 {[%clk 0:32:35]} 34. Be5 {[%clk 0:16:43]}  f6 {[%clk 0:32:46]} 35. Rd7 {[%clk 0:07:23]}  fxe5 {[%clk 0:32:49]} 36. Rxd5 {[%clk 0:07:51]}  exd4 {[%clk 0:33:10]} 37. Rxd4 {[%clk 0:08:16]}  Re5 {[%clk 0:32:41]} 38. Rd7 {[%clk 0:08:12]}  Kh7 {[%clk 0:33:02]} 39. Kg3 {[%clk 0:08:04]}  Ra5 {[%clk 0:33:23]} 40. Rd2 {[%clk 0:04:57]}  h5 {[%clk 0:32:04]} 41. Rd4 {[%clk 0:27:22]}  Kh6 {[%clk 1:01:55]} 42. Kf3 {[%clk 0:25:46]}  g6 {[%clk 1:02:04]} 43. Ke3 {[%clk 0:25:39]}  Re5+ {[%clk 1:02:03]} 44. Kf4 {[%clk 0:25:26]}  Rf5+ {[%clk 1:02:25]} 45. Ke3 {[%clk 0:25:52]}  Re5+ {[%clk 1:02:50]} 46. Re4 {[%clk 0:26:18]}  Ra5 {[%clk 1:03:12]} 47. h4 {[%clk 0:26:20]}  Ra3+ {[%clk 1:03:27]} 48. Kf4 {[%clk 0:26:44]}  Ra2 {[%clk 1:03:47]} 49. Ke3 {[%clk 0:26:26]}  Ra3+ {[%clk 1:04:09]} 50. Kf4 {[%clk 0:26:54]}  Ra2 {[%clk 1:04:33]} 51. Kg3 {[%clk 0:27:20]}  Ra3+ {[%clk 1:04:52]} 52. Re3 {[%clk 0:27:38]}  Ra5 {[%clk 1:05:02]} 53. Kh3 {[%clk 0:26:26]}  Rb5 {[%clk 1:05:19]} 54. Rc3 {[%clk 0:25:53]}  Ra5 {[%clk 1:05:40]} 55. Rb3 {[%clk 0:26:21]}  Rc5 {[%clk 1:06:03]} 56. Ra3 {[%clk 0:26:48]}  Rb5 {[%clk 1:06:25]} 57. f3 {[%clk 0:27:10]}  Rc5 {[%clk 1:04:58]} 58. Ra4 {[%clk 0:26:54]}  Rb5 {[%clk 1:05:13]} 59. Kg3 {[%clk 0:27:09]}  Rc5 {[%clk 1:05:36]} 60. Kf4 {[%clk 0:27:16]}  Rb5 {[%clk 1:05:33]} 61. Re4 {[%clk 0:24:30]}  Ra5 {[%clk 1:05:33]} 62. Rd4 {[%clk 0:22:54]}  Rb5 {[%clk 1:05:53]} 63. Ke4 {[%clk 0:22:46]}  Rb2 {[%clk 1:05:50]} 64. g3 {[%clk 0:23:09]}  Ra2 {[%clk 1:05:59]} 65. f4 {[%clk 0:20:24]}  Ra3 {[%clk 1:06:15]} 66. Rd3 {[%clk 0:20:52]}  Ra5 {[%clk 1:06:37]} 67. Ke3 {[%clk 0:19:30]}  Ra4 {[%clk 1:06:57]} 68. Kf3 {[%clk 0:19:04]}  Rb4 {[%clk 1:07:09]} 69. Ra3 {[%clk 0:13:50]}  Rc4 {[%clk 1:07:23]} 70. Ke2 {[%clk 0:13:10]}  Rb4 {[%clk 1:06:57]} 71. Rf3 {[%clk 0:13:21]}  Kg7 {[%clk 1:06:54]} 72. f5 {[%clk 0:10:44]}  Rb2+ {[%clk 1:07:20]} 73. Ke1 {[%clk 0:10:49]}  Kf6 {[%clk 1:07:33]} 74. fxg6+ {[%clk 0:11:12]}  Kxg6 {[%clk 1:07:56]} 75. Kf1 {[%clk 0:11:30]}  Ra2 {[%clk 1:08:16]} 76. Rf2 {[%clk 0:11:54]}  Ra1+ {[%clk 1:08:40]} 77. Kg2 {[%clk 0:12:22]}  Ra3 {[%clk 1:08:59]} 78. Rd2 {[%clk 0:12:02]}  Rb3 {[%clk 1:09:19]} 79. Rd6+ {[%clk 0:12:19]}  Kg7 {[%clk 1:09:42]} 80. Re6 {[%clk 0:12:12]}  Ra3 {[%clk 1:10:06]} 81. Kf2 {[%clk 0:12:38]}  Rb3 {[%clk 1:10:23]} 82. Re3 {[%clk 0:13:04]}  Rb4 {[%clk 1:10:47]} 83. Kf3 {[%clk 0:13:30]}  Kf6 {[%clk 1:11:07]} 84. Re4 {[%clk 0:13:18]}  Rb5 {[%clk 1:09:50]} 85. Rd4 {[%clk 0:12:10]}  Kg6 {[%clk 1:09:11]} 86. Ke4 {[%clk 0:11:02]}  Rb3 {[%clk 1:09:15]} 87. Rd6+ {[%clk 0:10:30]}  Kg7 {[%clk 1:09:39]} 88. Kf4 {[%clk 0:10:33]}  Rb4+ {[%clk 1:10:02]} 89. Kf5 {[%clk 0:10:18]}  Rg4 {[%clk 1:10:04]} 90. Rd7+ {[%clk 0:10:25]}  Kh6 {[%clk 1:10:26]} 91. Rd6+ {[%clk 0:10:25]}  Kh7 {[%clk 1:10:50]} 92. Rd3 {[%clk 0:10:50]}  Kh6 {[%clk 1:11:14]} 93. Kf6 {[%clk 0:10:36]}  Rg6+ {[%clk 1:11:30]} 94. Kf7 {[%clk 0:10:57]}  Rg7+ {[%clk 1:11:47]} 95. Kf8 {[%clk 0:11:21]}  Rg4 {[%clk 1:11:53]} 96. Rf3 {[%clk 0:10:32]}  Kg6 {[%clk 1:12:07]} 97. Ke7 {[%clk 0:10:57]}  Kg7 {[%clk 1:12:18]} 98. Ke6 {[%clk 0:10:50]}  Kg6 {[%clk 1:12:41]} 1/2-1/2